000 00633nam a22002297a 4500
005 20260515114946.0
008 230822b ||||| |||| 00| 0 eng d
020 _a9789389865363
040 _aIN-DiNC
_cIN-DiNC
041 _deng
082 _a306.6
_bSOC
245 _aSociology of religion/
_cby Moushumi Bordoloi and others
250 _a2nd ed.
260 _aDibrugarh:
_bBanalata,
_c2022.
300 _a88p.
650 _aSocial and religious
700 _aBordoloi, Moushumi
_eauthor
700 _aDasgupta, Piyali
_eauthor
700 _aBorah, Priyanka
_eauthor
700 _aWeingken, Lawn
_eauthor
942 _2ddc
_cBK
999 _c11566
_d11566